Statistics for Random Cities in Canada With a Map

Click here to take the quiz!

General Stats

  • This quiz has been taken 17 times
  • The average score is 19 of 21

Answers on the Map

Answers color-coded by a green-red scale on the quiz's map according to % correct below.
 

Answer Stats

Answer% Correct
Calgary
100%
Halifax
100%
Montreal
100%
Quebec City
100%
Toronto
100%
Vancouver
100%
Winnipeg
100%
Edmonton
94%
Regina
94%
St. John's
94%
Victoria
94%
Whitehorse
94%
Yellowknife
94%
Charlottetown
88%
Iqaluit
88%
Ottawa
88%
Thunder Bay
88%
Windsor
81%
Churchill
75%
Sault Ste.
Marie
75%
Fort McMurray
56%

Score Distribution

Percentile by Number Answered

Percent of People with Each Score

Your Score History

You have not taken this quiz